MARC

LEADER 00000nam0a2200000 4500
001 360124
005 20231102011244.0
035 |a (RuTPU)RU\TPU\retro\17432 
090 |a 360124 
100 |a 20210312d1974 k y0rusy50 ca 
101 0 |a rus 
102 |a RU 
105 |a a z 001zy 
200 1 |a Гидрогеологические условия формирования сохранения и разрушения залежей нефти и газа  |e сборник научных статей  |f Всесоюзный нефтяной научно-исследовательский геологоразведочный институт ; науч. ред. Л. Н. Капченко 
210 |a Ленинград  |c [Б. и.]  |d 1974 
215 |a 172 с.  |c ил. 
225 1 |a Труды Всесоюзного нефтяного научно-исследовательского геологоразведочного института (ВНИГРИ)  |v Вып. 348 
320 |a Библиография в конце статей 
606 1 |a Нефтегазоносность  |x Гидрогеология  |2 stltpush  |3 (RuTPU)RU\TPU\subj\45597  |9 64790 
610 1 |a нефть 
610 1 |a газ 
610 1 |a нефтяные залежи 
610 1 |a газовые залежи 
610 1 |a подземные воды 
610 1 |a формирование 
610 1 |a разрушение 
610 1 |a недра 
610 1 |a флюидоподобные системы 
610 1 |a геологические факторы 
610 1 |a гидрогеологические факторы 
610 1 |a взаимосвязь 
610 1 |a нефтегазоносные регионы 
675 |a 553.98:556.3  |v 4 
702 1 |a Капченко  |b Л. Н.  |4 340 
712 0 2 |a Всесоюзный нефтяной научно-исследовательский геологоразведочный институт  |c (Ленинград)  |c (1945-1991)  |2 stltpush  |3 (RuTPU)RU\TPU\col\7662  |9 24357 
801 1 |a RU  |b 63413507  |c 20210312 
801 2 |a RU  |b 63413507  |c 20210901  |g RCR 
942 |c BK